|
|
|
|
| LEADER |
01899nam a2200337 u 4500 |
| 001 |
10001471 |
| 003 |
GR-PaULI |
| 005 |
20250319095251.0 |
| 008 |
881025s2001 gr 1 gre |
| 020 |
|
|
|a 9603102849
|
| 040 |
|
|
|a GR-PaULI
|b gre
|c GR-PaULI
|e AACR2
|
| 041 |
0 |
|
|a gre
|
| 082 |
0 |
4 |
|a 938.78
|
| 100 |
1 |
|
|a Παπαθανασίου, Ιωάννα,
|d 1958-
|e συγγραφέας.
|9 161294
|
| 245 |
1 |
0 |
|a Ενιαία Δημοκρατική Αριστερά, 1951-1967 :
|b το αρχείο της /
|c Ιωάννα Παπαθανασίου ; με τη συνεργασία της Άντας Κάπολα και του Γιάννη Παπαθεοδώρου.
|
| 260 |
|
|
|a Αθήνα :
|b Θεμέλιο,
|c 2001.
|
| 300 |
|
|
|a 443 σ. :
|b εικ. ;
|c 24 εκ.
|
| 490 |
1 |
|
|a Αρχεία σύγχρονης κοινωνικής ιστορίας
|
| 504 |
|
|
|a Περιέχει βιβλιογραφικές παραπομπές και ευρετήρια.
|
| 505 |
|
|
|a
|
| 610 |
2 |
4 |
|9 157274
|a Ενιαία Δημοκρατική Αριστερά
|
| 650 |
|
4 |
|9 196559
|a Πολιτικά κόμματα
|x Ιστορία
|y 1951-1967
|z Ελλάδα
|
| 651 |
|
4 |
|9 196562
|a Ελλάδα
|x Πολιτική και διακυβέρνηση
|y 1951-1967
|
| 700 |
1 |
|
|9 179844
|a Κάπολα, Άντα
|e συγγραφέας.
|
| 700 |
1 |
|
|9 88836
|a Παπαθεοδώρου, Γιάννης,
|d 1970-
|e συγγραφέας.
|
| 710 |
2 |
|
|9 38029
|a Εθνικό Κέντρο Κοινωνικών Ερευνών
|
| 830 |
|
0 |
|9 194993
|a Αρχεία σύγχρονης κοινωνικής ιστορίας (Εθνικό Κέντρο Κοινωνικών Ερευνών)
|
| 942 |
|
|
|2 ddc
|c BK
|
| 952 |
|
|
|0 0
|1 0
|2 ddc
|4 0
|6 938_780000000000000_ΠΑΠ
|7 0
|9 238892
|a PTDE
|b PTDE
|d 2020-02-05
|i 11997
|l 0
|o 938.78 ΠΑΠ
|p 025000211892
|r 2020-02-05 00:00:00
|t 1
|v 2020.00
|w 2020-02-05
|y BK15
|
| 998 |
|
|
|c ΤΣΕΝΕ
|d 2020-02
|
| 999 |
|
|
|c 144220
|d 144220
|